| 000 | 00493cam a2200193ua 4500 | ||
|---|---|---|---|
| 001 | 10048 | ||
| 008 | 170323n ii |||gr||||Z||||||eng | ||
| 020 | _a8186423516 | ||
| 040 | _cMAIN | ||
| 041 | _aeng | ||
| 082 | _a823 | ||
| 100 |
_aCarroll, Lewis, _eAuthor., |
||
| 245 |
_aThrough the looking glass and what alice found there _cBy Lewis Carroll |
||
| 260 |
_aDelhi: _bWorldview, _c2000. |
||
| 300 | _a188p. | ||
| 653 | _aEnglish fiction | ||
| 700 |
_aBose, Brinda, _eEditor. |
||
| 942 | _cBK | ||
| 999 |
_c9047 _d9047 |
||